Singa Membalas Budi

Bibliographic Details
Main Author: Cengkerik
Format: Book
Published: Selangor : Booktrade Enterprise , 2000
Series:Siri Bacaan Awal
Subjects:

MARC

LEADER 00000cam a2200000 7i4500
001 0000064298
005 20101108.0
008 090113 bm
020 |a 983117027X 
090 0 0 |a JF SIR 
100 1 |a Cengkerik 
245 1 0 |a Singa Membalas Budi   |c Cengkerik 
260 |a Selangor :   |b Booktrade Enterprise ,   |c 2000 
300 |a 15p. :   |b ill. ;   |c 22cm. 
440 0 |a Siri Bacaan Awal 
650 0 0 |a Junior Fiction 
999 |a 137492   |b Buku   |c Koleksi Pinjaman Kanak-Kanak   |e Perpustakaan Cawangan Jasin 
999 |a 137493   |b Buku   |c Koleksi Pinjaman Kanak-Kanak   |e Perpustakaan Cawangan Merlimau 
999 |a 137494   |b Buku   |c Koleksi Pinjaman Kanak-Kanak   |e Perbadanan Perpustakaan Awam Melaka 
999 |a 137495   |b Buku   |c Koleksi Pinjaman Kanak-Kanak   |e Perbadanan Perpustakaan Awam Melaka